Statistics for Scramble Λέξεων - Φρούτα 🍒

Click here to take the quiz!

General Stats

  • This quiz has been taken 284 times
  • The average score is 14 of 20

Answer Stats

ScrambleΦρούτο% Correct
ηλομΜήλο
96%
νεπιποΠεπόνι
94%
αλουραφΦράουλα
93%
ιορδΡόδι
91%
ζακρουπιΚαρπούζι
89%
ναπαμανΜπανάνα
85%
γκομανΜάνγκο
84%
σαναανΑνανάς
83%
διχαλαΑχλάδι
81%
σερακιΚεράσι
81%
κουσΣύκο
78%
ναμινιρταΜανταρίνι
71%
σονισυβΒύσσινο
69%
μαυροτοβοΒατόμουρο
65%
καδιροονΡοδάκινο
61%
φιλτυσαΣταφύλι
53%
σκαμαδονηΔαμάσκηνο
51%
κοροπιλατΠορτοκάλι
47%
δανικιοτιΑκτινίδιο
36%
κρινανιετΝεκταρίνι
20%

Score Distribution

Percentile by Number Answered

Percent of People with Each Score

Your Score History

You have not taken this quiz